| 000 | 00604nam a2200217Ia 4500 | ||
|---|---|---|---|
| 005 | 20250923144639.0 | ||
| 008 | 008 250917s9999 xx 000 0 eng d | ||
| 037 | _aTextual | ||
| 040 |
_aDSWL _beng _cDSWL |
||
| 041 |
_aeng _2eng |
||
| 084 |
_aX:979Dy7, J4 _qDSWL |
||
| 100 |
_aChamberlain, N.W. _9826968 |
||
| 245 | 0 |
_aImpact of strikes _cby N.W. Chamberlain |
|
| 260 |
_aNew York _b Harper & Brothers _c1954 |
||
| 300 | _aviii,257p. | ||
| 365 |
_aINR _b4 |
||
| 700 |
_aJ.M. Schilling _9826969 |
||
| 925 | _g4 | ||
| 942 |
_cTEXL _hX:979Dy7, J4 |
||
| 999 |
_c1441588 _d1441588 |
||